|
|
|
|
| LEADER |
00000nab a2200000 a 4500 |
| 001 |
vtls000736394 |
| 003 |
SK-MaSNL |
| 005 |
20260304112700.0 |
| 008 |
250429c2000 xo 0 slo |
| 015 |
|
|
|a SNBRB2000/11-31663
|
| 035 |
|
|
|a CLN000088261
|
| 035 |
|
|
|a urn:nbn:sk:snk-ab6m0z
|
| 035 |
|
|
|a (uuid)11293b31-9de5-4bf3-8821-485a1962e060
|
| 035 |
|
|
|a (urnnbn)urn:nbn:sk:snk:ar-005gzx
|
| 035 |
|
|
|a (sysno)vtls000736394
|
| 040 |
|
|
|a SNKBUCL
|b slo
|c SNKBUCL
|e AACR2
|
| 041 |
0 |
|
|a slo
|
| 044 |
|
|
|a xo
|c SK
|
| 080 |
|
|
|a 616.14-002:615.472.5
|2 1997
|
| 080 |
|
|
|a 615.472.5
|2 1997
|
| 245 |
0 |
0 |
|a Infekčné komplikácie centrálnych žilových katétrov
|c Jaroslav Mikula ... [et al.]
|
| 246 |
1 |
1 |
|a Infections compications of central venous catheters
|
| 504 |
|
|
|a Res. angl., slov.
|
| 504 |
|
|
|a Bibliogr. odkazy
|
| 650 |
0 |
7 |
|a katétre centrálne žilové
|x komplikácie infekčné
|2 snkbucl
|9 1414884
|
| 650 |
0 |
7 |
|a sepsa
|2 snkbucl
|9 14471
|
| 655 |
|
7 |
|a články z novín a časopisov
|2 snkbucl
|9 267496
|
| 700 |
1 |
|
|a Mikula, Jaroslav
|4 aut
|9 13131
|
| 700 |
1 |
|
|a Uhliariková, Hana
|4 aut
|9 19365
|
| 700 |
1 |
|
|a Očenášová, Mária,
|d 1947-
|4 aut
|9 19366
|
| 700 |
1 |
|
|a Krajčiová, Kvetoslava
|4 aut
|9 1382897
|
| 773 |
0 |
|
|t Lekársky obzor
|g Roč. 49, č. 7-8 (2000), s. 243-246
|x 0457-4214
|
| 850 |
|
|
|a Slovenská národná knižnica
|
| 852 |
|
|
|a Slovenská národná knižnica
|
| 954 |
|
|
|a odborná, vedecká literatúra pôvodná (slovenská)
|2 lita
|
| 958 |
|
|
|a article2022
|
| 958 |
|
|
|a OND
|
| 958 |
|
|
|a MI
|
| 958 |
|
|
|a NB
|
| 958 |
|
|
|a EUIPO
|
| 992 |
|
|
|a RBX
|
| 999 |
|
|
|c 2866721
|d 2868651
|